Statistiques concernant Ville par monument

Cliquez ici pour prendre le quiz!

Statistiques générales

  • Ce quiz a été pris 1 947 fois
  • Le résultat moyen est 9 sur 15

Statistiques - réponses

MonumentVille% Correct
ColiséeRome
99%
Sagrada FamíliaBarcelone
88%
Christ RédempteurRio de Janeiro
85%
Burj KhalifaDubaï
84%
Golden Gate BridgeSan Francisco
82%
Mur des LamentationsJérusalem
77%
Cité interditePékin
75%
Sainte-SophieIstanbul
56%
AlhambraGrenade
40%
CN TowerToronto
39%
Palais d'hiverSaint-Pétérsbourg
38%
Tours PetronasKuala Lumpur
36%
Taj MahalAgra
25%
Monument de la Renaissance AfricaineDakar
20%
Palais du PotalaLhassa
12%

Distribution des résultats

Percentile par nombre de réponses

% des personnes avec chaque résultat

Votre développement - résultats

Vous n’avez pas pris ce quiz